| 000 | 00791cam a2200133 4500500 | ||
|---|---|---|---|
| 005 | 20251214002044.0 | ||
| 041 | _afre | ||
| 042 | _adc | ||
| 100 | 1 | 0 |
_aSubra, Philippe _eauthor |
| 245 | 0 | 0 | _aLe Grand Paris : 25 questions décisives |
| 260 |
_bArmand Colin,
_c2009. |
||
| 520 | _aÀ l’heure où se profilent les élections régionales, le projet du Grand Paris lancé par Nicolas Sarkozy fait l’objet de nombreuses interrogations. Pour en démêler les enjeux sociaux, économiques et politiques, cet ouvrage répond aux questions essentielles que chacun se pose nécessairement. L’avenir du Grand Paris est encore à construire et le citoyen doit en être l’acteur. | ||
| 856 | 4 | 1 | _uhttps://shs.cairn.info/le-grand-paris--9782200242947?lang=fr&redirect-ssocas=7080 |
| 999 |
_c1566733 _d1566733 |
||